000 01034nam a2200277 c 4500
999 _c56752
_d56752
003 BLK
005 20230407030407.0
008 180408b bul|||||r ||||||| ||bul||
010 _aKNG00060738000
040 _aBLK
041 _aBUL
_cBUL
080 _aБългарска литература
_b821.163.2
_x.09(075.8)
_z821.163.2.09(075.8)
100 1 _aЕлефтеров, Стефан
_eпърви автор
_9369297
139 _aЕлефтеров, Стефан
_bЕ 49
245 1 0 _aНова българска литература
_b1878 - 1918 : Учебник за студентите от ВУЗ
_cСтефан Елефтеров.
257 _aBGR
260 _aСофия
_bНаука и изкуство
_c1978
_fПлевен : Ал. Пъшев
300 _a255 с.
_c21 см
380 _a82
650 4 _aБългарска литература, 1878-1944 г.
_9247058
852 _aЦб 92138
856 4 _qpdf
_i0.00
_ldisable
856 4 _qpdf
_i0.00
_ldisable
942 _cKNG
_n0
_s1
944 _aCR
_c13.06.2004
_kГеновева_Генчева
944 _aED
_c12.04.2010
999 _d56752